| 000 | 00402ntaaa2200169 4500 | ||
|---|---|---|---|
| 003 | 01 | ||
| 005 | 20251027202850.0 | ||
| 008 | 0714s1973 ag 01 | ||
| 040 |
_aAR-BaBN _bspa _cAR-BaBN _eaacr _dRIC |
||
| 082 | _a269.0000 St4 | ||
| 100 |
_aStewart, James A _911667 |
||
| 245 | _aEvangelism | ||
| 250 | _a1 ed. | ||
| 260 |
_aSwengel, Penn. : _bBible Truth Depot, _c1963 |
||
| 300 | _a141 p | ||
| 942 | _cBK | ||
| 999 |
_c24027 _d24027 |
||